| 000 | 00683nam a2200169Ia 4500 | ||
|---|---|---|---|
| 003 | LDD | ||
| 008 | 190117s9999 xx 000 0 und d | ||
| 020 | _c₹25 | ||
| 040 | _cLDD | ||
| 041 | _ahi | ||
| 082 | _a8H1.6 ना1601ना | ||
| 100 | _aनागार्जुन | ||
| 245 | 0 |
_aनागार्जुन _bसमग्र कविताओं मे से चुनी हुई कविताएं, कवि की जीवनी एंव उनके काव्य का म _cनागार्जुन |
|
| 260 |
_aदिल्ली _bराजपाल _c1901 |
||
| 300 | _aआज के लोकप्रिय हिन्दी | ||
| 942 |
_2ddc _cH |
||
| 999 |
_c162265 _d162265 |
||